[Event "SVK-chT1W 1920"]
[Site "Slovakia"]
[Date "2019.11.09"]
[Round "3.8"]
[White "Hricak, Vasil"]
[Black "Koloditsova, Renata"]
[Result "1/2-1/2"]
[WhiteElo "2069"]
[BlackElo "1960"]
[PlyCount "82"]
[EventDate "2019.10.12"]
[EventType "team-tourn"]
[EventRounds "11"]
[EventCountry "SVK"]
[SourceTitle "CBM 193 Extra"]
[Source "ChessBase"]
[SourceDate "2020.01.31"]
[SourceVersion "1"]
[SourceVersionDate "2020.01.31"]
[SourceQuality "1"]
[WhiteTeam "Bratislava Lokomotiva"]
[BlackTeam "Gabcikovo MSK"]
[WhiteTeamCountry "SVK"]
[BlackTeamCountry "SVK"]

1. b3 d5 2. Bb2 Bf5 3. d3 Nd7 4. Nf3 Ngf6 5. g3 c6 6. Bg2 Qc7 7. Nbd2 e5 8. 0-0 Be7 9. Nh4 Bg4 10. h3 Be6 11. e4 d4 12. Nf5 Bf8 13. Qe2 g6 14. Nh4 Bg7 15. f4 0-0-0 16. f5 gxf5 17. Nxf5 Bf8 18. Nc4 Rg8 19. Kh2 Bxf5 20. Rxf5 Rg6 21. Raf1 Be7 22. Bc1 Rdg8 23. g4 b5 24. Nd2 h5 25. g5 Rxg5 26. Rxg5 Rxg5 27. Nf3 Rg7 28. Nh4 Ng4+ 29. hxg4 Bxh4 30. g5 Bxg5 31. Bxg5 Rxg5 32. Rxf7 Rg8 33. Bh3 Rd8 34. Qxh5 Qd6 35. Rxd7 Rxd7 36. Bxd7+ Kxd7 37. Qf7+ Qe7 38. Qxe7+ Kxe7 39. Kg3 Kf6 40. Kh4 Kg6 41. a3 Kh6 1/2-1/2

[Event "Stara Lubovna Sorea op"]
[Site "Stara Lubovna"]
[Date "2015.09.04"]
[Round "3"]
[White "Hricak, Vasil"]
[Black "Repka, Christopher"]
[Result "0-1"]
[WhiteElo "2071"]
[BlackElo "2414"]
[PlyCount "68"]
[EventDate "2015.09.03"]
[EventType "swiss"]
[EventRounds "7"]
[EventCountry "SVK"]
[SourceTitle "EXT 2016"]
[Source "ChessBase"]
[SourceDate "2015.10.08"]
[SourceVersion "1"]
[SourceVersionDate "2015.10.08"]
[SourceQuality "1"]

1. b3 e5 2. Bb2 Nc6 3. e3 a6 4. Ne2 d5 5. g3 h5 6. h4 Nf6 7. Bg2 Bd6 8. 0-0 Bg4 9. Nbc3 d4 10. Ne4 Nxe4 11. Bxe4 0-0 12. Bg2 Bc5 13. Kh2 Nb4 14. Bxb7 Rb8 15. Be4 f5 16. Bd3 Nxd3 17. cxd3 e4 18. Qc1 Bxe2 19. Qxc5 exd3 20. Rfc1 f4 21. Qxd4 fxg3+ 22. fxg3 Qe7 23. Qxg7+ Qxg7 24. Bxg7 Kxg7 25. Rxc7+ Kg6 26. Rc6+ Rf6 27. Rac1 Rbf8 28. b4 Rxc6 29. Rxc6+ Rf6 30. Rc5 Rf2+ 31. Kg1 Rf1+ 32. Kg2 Rd1 33. Rc6+ Kf5 34. Rxa6 Rxd2 0-1

[Event "SVK-chT2A 1415"]
[Site "Slovakia"]
[Date "2015.02.15"]
[Round "9.4"]
[White "Puskar, Peter"]
[Black "Hricak, Vasil"]
[Result "1-0"]
[WhiteElo "2051"]
[BlackElo "2090"]
[PlyCount "53"]
[EventDate "2014.10.11"]
[EventType "team-tourn"]
[EventRounds "11"]
[EventCountry "SVK"]
[SourceTitle "EXT 2016"]
[Source "ChessBase"]
[SourceDate "2015.10.08"]
[SourceVersion "1"]
[SourceVersionDate "2015.10.08"]
[SourceQuality "1"]
[WhiteTeam "Trnava Lokomotiva II"]
[BlackTeam "Devinska Nova Ves II"]
[WhiteTeamCountry "SVK"]
[BlackTeamCountry "SVK"]

1. d4 d6 2. c4 e5 3. d5 f5 4. Nc3 Nf6 5. g3 Be7 6. Bg2 0-0 7. Nf3 h6 8. 0-0 a5 9. e4 Na6 10. Be3 Ng4 11. Ne1 Nxe3 12. fxe3 Bg5 13. Qe2 f4 14. exf4 exf4 15. Nd3 fxg3 16. hxg3 Bf6 17. e5 dxe5 18. Ne4 Be7 19. Rxf8+ Bxf8 20. Rf1 Qe8 21. Bf3 Bf5 22. Bh5 Qc8 23. Nxe5 Bxe4 24. Bf7+ Kh8 25. Qxe4 Bc5+ 26. Kh2 g5 27. Be6 1-0

[Event "SVK-chT2A 1415"]
[Site "Slovakia"]
[Date "2014.12.07"]
[Round "6.1"]
[White "Madar, Martin"]
[Black "Hricak, Vasil"]
[Result "1/2-1/2"]
[WhiteElo "2174"]
[BlackElo "2090"]
[PlyCount "46"]
[EventDate "2014.10.11"]
[EventType "team-tourn"]
[EventRounds "11"]
[EventCountry "SVK"]
[SourceTitle "EXT 2016"]
[Source "ChessBase"]
[SourceDate "2015.10.08"]
[SourceVersion "1"]
[SourceVersionDate "2015.10.08"]
[SourceQuality "1"]
[WhiteTeam "Pezinok"]
[BlackTeam "Devinska Nova Ves II"]
[WhiteTeamCountry "SVK"]
[BlackTeamCountry "SVK"]

1. e4 d6 2. d4 Nf6 3. f3 e5 4. d5 Be7 5. c4 0-0 6. Be3 Nh5 7. Qd2 c5 8. Bd3 Nf4 9. Bc2 Na6 10. g3 Ng6 11. a3 f5 12. Nc3 f4 13. Bf2 Bd7 14. Nb5 Bxb5 15. cxb5 Nc7 16. a4 b6 17. Bd3 a6 18. bxa6 Nxa6 19. g4 Bh4 20. Ne2 Bxf2+ 21. Kxf2 Qh4+ 22. Kg2 Nb4 23. Bb5 Ra7 1/2-1/2

[Event "Stara Lubovna Sorea op"]
[Site "Stara Lubovna"]
[Date "2014.09.05"]
[Round "3"]
[White "Manik, Mikulas"]
[Black "Hricak, Vasil"]
[Result "1-0"]
[WhiteElo "2385"]
[BlackElo "2095"]
[PlyCount "55"]
[EventDate "2014.09.04"]
[EventType "swiss"]
[EventRounds "7"]
[EventCountry "SVK"]
[SourceTitle "CBM 162 Extra"]
[Source "ChessBase"]
[SourceDate "2014.10.17"]
[SourceVersion "1"]
[SourceVersionDate "2014.10.17"]
[SourceQuality "1"]

1. e4 c5 2. Nf3 Nc6 3. Bb5 d6 4. Bxc6+ bxc6 5. 0-0 e5 6. c3 Nf6 7. Re1 Be7 8. d4 cxd4 9. cxd4 exd4 10. Qxd4 0-0 11. Nc3 Qc7 12. Bg5 Be6 13. Rac1 Qb6 14. Qd2 Rab8 15. b3 Rfd8 16. h3 Rbc8 17. Qe2 Qa5 18. Red1 h6 19. Bh4 Qh5 20. Qe3 Qg6 21. Ne2 Rd7 22. Bxf6 Bxf6 23. Nf4 Bg5 24. Nxg5 Qxg5 25. Rc2 Qa5 26. Rdc1 Rdc7 27. Qd4 d5 28. Qe5 1-0

[Event "Bratislava Slovan op"]
[Site "Bratislava"]
[Date "2014.04.26"]
[Round "1"]
[White "Straka, Ivan"]
[Black "Hricak, Vasil"]
[Result "0-1"]
[WhiteElo "1623"]
[BlackElo "2079"]
[PlyCount "108"]
[EventDate "2014.04.26"]
[EventType "swiss"]
[EventRounds "9"]
[EventCountry "SVK"]
[SourceTitle "CBM 160 Extra"]
[Source "ChessBase"]
[SourceDate "2014.07.01"]
[SourceVersion "1"]
[SourceVersionDate "2014.07.01"]
[SourceQuality "1"]

1. e4 c5 2. Nf3 d6 3. Nc3 Nf6 4. Bc4 g6 5. d3 Bg7 6. h3 0-0 7. e5 dxe5 8. Nxe5 Nbd7 9. Nxf7 Rxf7 10. Bxf7+ Kxf7 11. 0-0 b6 12. Qf3 Rb8 13. Bf4 Bb7 14. Ne4 Bxe4 15. dxe4 e5 16. Bg3 Qe7 17. Rad1 Kg8 18. Qd3 Re8 19. Bh4 h6 20. Bxf6 Nxf6 21. Qb5 Rd8 22. Qa6 Rd4 23. Rfe1 Kh7 24. Rxd4 cxd4 25. Qb5 Nh5 26. g3 Qe6 27. Qa6 Qxh3 28. Qxa7 Nf6 29. Qa3 Qg4 30. Kg2 Nxe4 31. f4 Qf5 32. Qd3 Nd6 33. Qxf5 Nxf5 34. fxe5 Ne3+ 35. Kf3 Bxe5 36. c3 Kg7 37. cxd4 Bxd4 38. Rxe3 Bxe3 39. Kxe3 Kf6 40. b4 b5 41. Kd4 h5 42. Kc5 g5 43. Kxb5 h4 44. gxh4 gxh4 45. Ka6 h3 46. b5 h2 47. b6 h1Q 48. Ka7 Qg1 49. a4 Qc5 50. Ka6 Qc6 51. a5 Qa8+ 52. Kb5 Ke6 53. a6 Kd6 54. a7 Qb7 0-1

[Event "SVK-chT2A 1314"]
[Site "Slovakia"]
[Date "2014.03.16"]
[Round "11.4"]
[White "Hricak, Vasil"]
[Black "Kahancova, Jana"]
[Result "0-1"]
[WhiteElo "2118"]
[BlackElo "1652"]
[PlyCount "74"]
[EventDate "2013.10.19"]
[EventType "team-tourn"]
[EventRounds "11"]
[EventCountry "SVK"]
[SourceTitle "EXT 2015"]
[Source "ChessBase"]
[SourceDate "2014.11.20"]
[SourceVersion "1"]
[SourceVersionDate "2014.11.20"]
[SourceQuality "1"]
[WhiteTeam "Devinska Nova Ves II"]
[BlackTeam "Dunajska Streda II"]
[WhiteTeamCountry "SVK"]
[BlackTeamCountry "SVK"]

1. e4 e5 2. Nf3 Nc6 3. d4 exd4 4. Bc4 Nf6 5. 0-0 Be7 6. e5 Ne4 7. Bf4 d5 8. Bb5 Bg4 9. Nbd2 0-0 10. Nb3 Bg5 11. Bxg5 Nxg5 12. Be2 Nxf3+ 13. Bxf3 Bxf3 14. Qxf3 Nxe5 15. Qg3 Nc4 16. Nxd4 Qf6 17. c3 c6 18. Qc7 Rab8 19. f3 Rfc8 20. Qd7 Ne5 21. Qh3 Nd3 22. Rab1 Qf4 23. Nf5 Rc7 24. g3 Qg5 25. f4 Qf6 26. g4 Nc5 27. g5 Qg6 28. Rbe1 Ne4 29. Qg4 Qe6 30. h4 Qd7 31. h5 Rf8 32. Rf3 b5 33. Rd3 Qc8 34. a3 a5 35. Kh2 Nf2 36. Ne7+ Rxe7 37. Qxc8 Rxc8 0-1

[Event "SVK-chT1W 1314"]
[Site "Slovakia"]
[Date "2013.12.14"]
[Round "5.8"]
[White "Hricak, Vasil"]
[Black "Mydlarik, Martin"]
[Result "0-1"]
[WhiteElo "2118"]
[BlackElo "2112"]
[PlyCount "94"]
[EventDate "2013.10.12"]
[EventType "team-tourn"]
[EventRounds "11"]
[EventCountry "SVK"]
[SourceTitle "EXT 2015"]
[Source "ChessBase"]
[SourceDate "2014.11.20"]
[SourceVersion "1"]
[SourceVersionDate "2014.11.20"]
[SourceQuality "1"]
[WhiteTeam "Devinska Nova Ves"]
[BlackTeam "Modra"]
[WhiteTeamCountry "SVK"]
[BlackTeamCountry "SVK"]

1. e4 e6 2. d4 d5 3. Nc3 Bb4 4. e5 c5 5. a3 Bxc3+ 6. bxc3 Qc7 7. Nf3 Ne7 8. Bd3 Bd7 9. 0-0 c4 10. Be2 Ba4 11. Nh4 h6 12. f4 g6 13. Rb1 Nd7 14. Rb4 Nb6 15. Be3 0-0-0 16. Bg4 Nc6 17. Rb1 Qe7 18. Nf3 Qxa3 19. Qd2 Qe7 20. Ra1 a6 21. Rfb1 Bb5 22. Qe1 Kc7 23. Bc1 Nc8 24. Ba3 Qd7 25. Bc5 b6 26. Ba3 Kb7 27. Rb2 N6a7 28. Qb1 Kc6 29. Nd2 g5 30. Bf3 gxf4 31. Qa2 Kc7 32. Bb4 Rdg8 33. Nb1 Kd8 34. Na3 a5 35. Nxb5 Nxb5 36. Bxa5 bxa5 37. Qxa5+ Nc7 38. Rb7 f6 39. exf6 Rf8 40. Rab1 Rxf6 41. R1b5 Nd6 42. Rb8+ Ke7 43. Rxh8 Ncxb5 44. Qa8 Nc7 45. Qg8 Qe8 46. Qg7+ Qf7 47. Qg4 Qg6 0-1

[Event "SVK-chT2A 1314"]
[Site "Slovakia"]
[Date "2013.10.20"]
[Round "2.4"]
[White "Hricak, Vasil"]
[Black "Liptak, Tomas"]
[Result "0-1"]
[WhiteElo "2118"]
[BlackElo "2108"]
[PlyCount "104"]
[EventDate "2013.10.19"]
[EventType "team-tourn"]
[EventRounds "11"]
[EventCountry "SVK"]
[SourceTitle "EXT 2015"]
[Source "ChessBase"]
[SourceDate "2014.11.20"]
[SourceVersion "1"]
[SourceVersionDate "2014.11.20"]
[SourceQuality "1"]
[WhiteTeam "Devinska Nova Ves II"]
[BlackTeam "Trnava Lokomotiva II"]
[WhiteTeamCountry "SVK"]
[BlackTeamCountry "SVK"]

1. e4 c5 2. d4 cxd4 3. c3 d5 4. exd5 Qxd5 5. cxd4 Nc6 6. Nf3 Bg4 7. Nc3 Bxf3 8. Nxd5 Bxd1 9. Nc7+ Kd7 10. Nxa8 Bh5 11. Bf4 g5 12. Bg3 e6 13. f3 Bd6 14. d5 exd5 15. 0-0-0 Nge7 16. Bc4 d4 17. Bb5 Bxg3 18. hxg3 Bg6 19. Rxd4+ Kc8 20. Bxc6 Nxc6 21. Rd5 f6 22. Rd6 Rf8 23. Re1 Kb8 24. Nb6 axb6 25. Ree6 f5 26. f4 g4 27. a3 Kc7 28. Rd3 Rd8 29. Rxd8 Kxd8 30. b4 Kd7 31. Re1 Bf7 32. Kb2 Ne7 33. Kc3 Nd5+ 34. Kd4 Kd6 35. Re5 Be6 36. Re1 Nf6 37. Rd1 Bd5 38. Rc1 Bxg2 39. Rc8 Bc6 40. Rd8+ Ke6 41. Kc4 Ne4 42. b5 Nd6+ 43. Kb4 Nxb5 44. Rh8 Nd4 45. Rxh7 Ne2 46. Kc4 Nxg3 47. Rh6+ Kf7 48. Kd4 Ne2+ 49. Ke5 Be4 50. Rh7+ Kg6 51. Rd7 g3 52. Rd6+ Kh5 0-1

[Event "SVK-chT2A 1213"]
[Site "Slovakia"]
[Date "2013.02.16"]
[Round "8.2"]
[White "Zatko, Gregor"]
[Black "Hricak, Vasil"]
[Result "1/2-1/2"]
[WhiteElo "2148"]
[BlackElo "2124"]
[PlyCount "25"]
[EventDate "2012.10.13"]
[EventType "team-tourn"]
[EventRounds "11"]
[EventCountry "SVK"]
[SourceTitle "EXT 2015"]
[Source "ChessBase"]
[SourceDate "2014.11.20"]
[SourceVersion "1"]
[SourceVersionDate "2014.11.20"]
[SourceQuality "1"]
[WhiteTeam "Devinska Nova Ves II"]
[BlackTeam "Devinska Nova Ves"]
[WhiteTeamCountry "SVK"]
[BlackTeamCountry "SVK"]

1. d4 d6 2. Bf4 Nf6 3. e3 Nbd7 4. Nf3 c6 5. Nbd2 Qa5 6. c3 Nh5 7. Bg5 g6 8. Bc4 Bg7 9. e4 h6 10. Be3 0-0 11. 0-0 e5 12. dxe5 dxe5 13. Re1 1/2-1/2

[Event "SVK-chT2A 1213"]
[Site "Slovakia"]
[Date "2012.10.13"]
[Round "1.5"]
[White "Tepper, Frantisek"]
[Black "Hricak, Vasil"]
[Result "1/2-1/2"]
[WhiteElo "2162"]
[BlackElo "2124"]
[PlyCount "31"]
[EventDate "2012.10.13"]
[EventType "team-tourn"]
[EventRounds "11"]
[EventCountry "SVK"]
[SourceTitle "EXT 2015"]
[Source "ChessBase"]
[SourceDate "2014.11.20"]
[SourceVersion "1"]
[SourceVersionDate "2014.11.20"]
[SourceQuality "1"]
[WhiteTeam "Bratislava DP"]
[BlackTeam "Devinska Nova Ves"]
[WhiteTeamCountry "SVK"]
[BlackTeamCountry "SVK"]

1. e4 d6 2. d4 Nf6 3. Nc3 e5 4. dxe5 dxe5 5. Qxd8+ Kxd8 6. Nf3 Bd6 7. Bg5 Be6 8. Bh4 h6 9. 0-0-0 Ke7 10. Nd5+ Bxd5 11. exd5 Nbd7 12. Bc4 Rhe8 13. Rhe1 Kf8 14. Bg3 a6 15. Bb3 Nh5 16. Nh4 1/2-1/2

[Event "Bratislava Slovan op"]
[Site "Bratislava"]
[Date "2012.04.29"]
[Round "2"]
[White "Bednar, Jaromir"]
[Black "Hricak, Vasil"]
[Result "1-0"]
[WhiteElo "2312"]
[BlackElo "1991"]
[PlyCount "55"]
[EventDate "2012.04.28"]
[EventType "swiss"]
[EventRounds "9"]
[EventCountry "SVK"]
[SourceTitle "EXT 2023"]
[Source "ChessBase"]
[SourceDate "2022.10.05"]
[SourceVersion "1"]
[SourceVersionDate "2022.10.05"]
[SourceQuality "1"]

1. e4 d6 2. d4 Nf6 3. Nc3 e5 4. Nf3 Nbd7 5. Bc4 Be7 6. Qe2 c6 7. a4 h6 8. h3 Qc7 9. 0-0 g5 10. Be3 Nf8 11. Nh2 Ng6 12. a5 Nf4 13. Bxf4 gxf4 14. Rfd1 Rg8 15. Kh1 Bd7 16. d5 c5 17. Bb5 a6 18. Bxd7+ Qxd7 19. Ra3 Rg6 20. Rb1 Nh7 21. b4 Ng5 22. Na4 f3 23. Nxf3 Nxh3 24. Nb6 Qg4 25. Qf1 Nf4 26. Nh2 Qh5 27. g3 Nh3 28. g4 1-0

[Event "Trnava Reti Memorial op"]
[Site "Trnava"]
[Date "2011.08.30"]
[Round "3"]
[White "Hricak, Vasil"]
[Black "Plachetka, Jan"]
[Result "0-1"]
[WhiteElo "2000"]
[BlackElo "2387"]
[PlyCount "66"]
[EventDate "2011.08.29"]
[EventType "swiss"]
[EventRounds "9"]
[EventCountry "SVK"]
[SourceTitle "CBM 144 Extra"]
[Source "ChessBase"]
[SourceDate "2011.10.28"]
[SourceVersion "1"]
[SourceVersionDate "2011.10.28"]
[SourceQuality "1"]

1. e4 c5 2. d4 cxd4 3. c3 dxc3 4. Nxc3 Nc6 5. Nf3 d6 6. Bc4 e6 7. 0-0 Nf6 8. Qe2 Bd7 9. Rd1 a6 10. Bf4 Qb8 11. h3 Ne5 12. Bb3 Be7 13. Bg5 h6 14. Bh4 Ng6 15. Bg3 Nh5 16. Bh2 Ngf4 17. Qd2 g5 18. Ne5 dxe5 19. Qxd7+ Kf8 20. Bxf4 Nxf4 21. Rac1 b5 22. g3 Nxh3+ 23. Kg2 g4 24. Nd5 exd5 25. Bxd5 Qa7 26. Qf5 Qxf2+ 27. Qxf2 Nxf2 28. Kxf2 Ra7 29. Ke2 Kg7 30. Rc6 Bg5 31. Rf1 h5 32. Rd1 h4 33. Bb3 hxg3 0-1

[Event "Trnava Reti Memorial op"]
[Site "Trnava"]
[Date "2011.08.29"]
[Round "1"]
[White "Hricak, Vasil"]
[Black "Hausner, Ivan"]
[Result "0-1"]
[WhiteElo "2000"]
[BlackElo "2419"]
[PlyCount "50"]
[EventDate "2011.08.29"]
[EventType "swiss"]
[EventRounds "9"]
[EventCountry "SVK"]
[SourceTitle "CBM 144 Extra"]
[Source "ChessBase"]
[SourceDate "2011.10.28"]
[SourceVersion "1"]
[SourceVersionDate "2011.10.28"]
[SourceQuality "1"]

1. e4 c5 2. Nf3 e6 3. d4 cxd4 4. c3 dxc3 5. Nxc3 Nc6 6. Bc4 a6 7. 0-0 Nge7 8. Bf4 Ng6 9. Bg3 d6 10. Qe2 Be7 11. Rfd1 0-0 12. Rac1 b5 13. Bb3 Bb7 14. e5 d5 15. h4 Bxh4 16. Bxd5 exd5 17. Nxd5 Bxg3 18. Nf6+ gxf6 19. Rxd8 Raxd8 20. fxg3 Ncxe5 21. Nxe5 fxe5 22. Rc7 Bd5 23. b3 Rd6 24. Kh2 Rfd8 25. Qc2 Be6 0-1

[Event "SVK-chT2A 10/11"]
[Site "Slovakia"]
[Date "2011.03.06"]
[Round "9.5"]
[White "Manak, Jozef"]
[Black "Hricak, Vasil"]
[Result "0-1"]
[WhiteElo "2032"]
[BlackElo "2051"]
[PlyCount "50"]
[EventDate "2010.10.23"]
[EventType "team-tourn"]
[EventRounds "11"]
[EventCountry "SVK"]
[SourceTitle "EXT 2019"]
[Source "ChessBase"]
[SourceDate "2018.10.10"]
[SourceVersion "1"]
[SourceVersionDate "2018.10.10"]
[SourceQuality "1"]
[WhiteTeam "Piestany Kupele"]
[BlackTeam "Devinska Nova Ves"]
[WhiteTeamCountry "SVK"]
[BlackTeamCountry "SVK"]

1. e4 c5 2. Nf3 Nc6 3. d4 cxd4 4. Nxd4 Nf6 5. Nc3 g6 6. Be3 Bg7 7. Be2 d6 8. Qd2 0-0 9. h3 Bd7 10. 0-0 a6 11. Rfd1 b5 12. a3 Qc7 13. Bf4 Rfd8 14. Bd3 Qb7 15. Bh6 Bh8 16. Qe2 Na5 17. e5 dxe5 18. Bf4 Nd5 19. Nxd5 Nc4 20. Rab1 Qb6 21. Kh1 Qf6 22. Bxc4 Qxf4 23. g4 Kg7 24. Kg1 Qe3 25. Kh1 Qf3+ 0-1

[Event "SVK-chT2A 10/11"]
[Site "Slovakia"]
[Date "2011.02.05"]
[Round "6.4"]
[White "Kundrak, Vladimir"]
[Black "Hricak, Vasil"]
[Result "0-1"]
[WhiteElo "1961"]
[BlackElo "2051"]
[PlyCount "72"]
[EventDate "2010.10.23"]
[EventType "team-tourn"]
[EventRounds "11"]
[EventCountry "SVK"]
[SourceTitle "EXT 2019"]
[Source "ChessBase"]
[SourceDate "2018.10.10"]
[SourceVersion "1"]
[SourceVersionDate "2018.10.10"]
[SourceQuality "1"]
[WhiteTeam "Modra II"]
[BlackTeam "Devinska Nova Ves"]
[WhiteTeamCountry "SVK"]
[BlackTeamCountry "SVK"]

1. d3 d5 2. g3 e5 3. Bg2 c6 4. Nd2 f5 5. e3 Nf6 6. Ne2 Bd6 7. b3 0-0 8. Bb2 f4 9. gxf4 exf4 10. exf4 Ng4 11. h3 Nh6 12. Nf3 Bb4+ 13. c3 Bd6 14. Qd2 a5 15. Ne5 Nf5 16. 0-0-0 a4 17. b4 a3 18. Ba1 Nd7 19. c4 Nf6 20. c5 Bc7 21. Rdg1 Bd7 22. Bf3 b6 23. Bg4 bxc5 24. Bxf5 Bxf5 25. Nxc6 Qe8 26. Ne5 cxb4 27. Ng3 Bd7 28. Qxb4 Qc8 29. Qc3 d4 30. Qc2 Ra6 31. Nxd7 Nxd7 32. Nh5 Rc6 33. Rxg7+ Kh8 34. Bxd4 Rxc2+ 35. Kd1 Be5 36. Nf6 Bxf6 0-1

[Event "SVK-chT2A 10/11"]
[Site "Slovakia"]
[Date "2010.12.05"]
[Round "4.6"]
[White "Merva, Frantisek"]
[Black "Hricak, Vasil"]
[Result "1-0"]
[WhiteElo "2038"]
[BlackElo "2051"]
[PlyCount "103"]
[EventDate "2010.10.23"]
[EventType "team-tourn"]
[EventRounds "11"]
[EventCountry "SVK"]
[SourceTitle "EXT 2019"]
[Source "ChessBase"]
[SourceDate "2018.10.10"]
[SourceVersion "1"]
[SourceVersionDate "2018.10.10"]
[SourceQuality "1"]
[WhiteTeam "Dunajska Streda SK II"]
[BlackTeam "Devinska Nova Ves"]
[WhiteTeamCountry "SVK"]
[BlackTeamCountry "SVK"]

1. d4 d5 2. c4 e5 3. dxe5 d4 4. a3 Nc6 5. Nf3 Bg4 6. Nbd2 Nge7 7. h3 Bxf3 8. Nxf3 Ng6 9. e3 dxe3 10. Bxe3 Ngxe5 11. Nxe5 Qxd1+ 12. Rxd1 Nxe5 13. Be2 Be7 14. 0-0 Bf6 15. b4 0-0 16. f4 Ng6 17. Bf3 Rfe8 18. Kf2 c6 19. Rd7 Re7 20. Rfd1 Nf8 21. Rxe7 Bxe7 22. b5 Bxa3 23. bxc6 bxc6 24. Bxc6 Rc8 25. Bb5 Bc5 26. Bxc5 Rxc5 27. Rd8 g6 28. Ra8 Rc7 29. g4 Kg7 30. f5 gxf5 31. gxf5 Nd7 32. Bxd7 Rxd7 33. Ke3 Kf6 34. Ke4 Re7+ 35. Kd5 Kxf5 36. c5 Kf4 37. Rg8 f5 38. Kd6 Re3 39. c6 Rxh3 40. c7 Rc3 41. c8Q Rxc8 42. Rxc8 h5 43. Rc4+ Kg3 44. Ke5 h4 45. Kxf5 h3 46. Rc3+ Kg2 47. Kg4 h2 48. Rc2+ Kg1 49. Kg3 h1N+ 50. Kf3 a5 51. Rb2 a4 52. Rc2 1-0

[Event "SVK-chT2A 10/11"]
[Site "Slovakia"]
[Date "2010.10.23"]
[Round "1.5"]
[White "Hricak, Vasil"]
[Black "Dudas, Jan"]
[Result "0-1"]
[WhiteElo "2051"]
[BlackElo "2216"]
[PlyCount "116"]
[EventDate "2010.10.23"]
[EventType "team-tourn"]
[EventRounds "11"]
[EventCountry "SVK"]
[SourceTitle "EXT 2019"]
[Source "ChessBase"]
[SourceDate "2018.10.10"]
[SourceVersion "1"]
[SourceVersionDate "2018.10.10"]
[SourceQuality "1"]
[WhiteTeam "Devinska Nova Ves"]
[BlackTeam "Bratislava Doprastav II"]
[WhiteTeamCountry "SVK"]
[BlackTeamCountry "SVK"]

1. e4 c6 2. d4 d5 3. f3 g6 4. Nc3 Bg7 5. Be3 Qb6 6. Qd2 dxe4 7. fxe4 Nf6 8. 0-0-0 0-0 9. h3 Qa5 10. Kb1 Be6 11. Bd3 Rd8 12. Nge2 b5 13. Nd5 Qxd2 14. Nxf6+ Bxf6 15. Rxd2 Na6 16. c3 Bc4 17. Bxc4 bxc4 18. Rf1 Rab8 19. Bh6 Rb7 20. Ng3 c5 21. e5 Bg7 22. Bxg7 Kxg7 23. d5 f5 24. Rfd1 Nc7 25. Ne2 Nb5 26. a4 Nc7 27. Nf4 g5 28. d6 gxf4 29. dxc7 Rxd2 30. Rxd2 Rxc7 31. Rf2 Kf7 32. Rxf4 Ke6 33. Rxc4 Kxe5 34. Kc2 Kd5 35. Rh4 e5 36. b3 e4 37. Rh5 Ke6 38. Kd2 Rg7 39. g4 f4 40. Rxc5 Rd7+ 41. Ke2 Rd3 42. h4 Rh3 43. Rc4 Rh2+ 44. Kf1 Kd5 45. Rc7 f3 46. Re7 Rxh4 47. a5 a6 48. b4 Rxg4 49. b5 axb5 50. a6 Rg2 51. a7 Ra2 52. Ke1 h5 53. Kf1 h4 54. Kg1 h3 55. c4+ bxc4 56. Kh1 f2 57. a8Q+ Rxa8 58. Kh2 f1Q 0-1

[Event "Bratislava MMX op"]
[Site "Bratislava"]
[Date "2010.08.29"]
[Round "2"]
[White "Hricak, Vasil"]
[Black "Sucikova, Katarina"]
[Result "1-0"]
[WhiteElo "2084"]
[BlackElo "1624"]
[PlyCount "105"]
[EventDate "2010.08.28"]
[EventType "swiss"]
[EventRounds "9"]
[EventCountry "SVK"]
[SourceTitle "EXT 2011"]
[Source "ChessBase"]
[SourceDate "2010.11.26"]
[SourceVersion "1"]
[SourceVersionDate "2010.11.26"]
[SourceQuality "1"]

1. e4 c5 2. Nf3 d6 3. d4 cxd4 4. Nxd4 Nf6 5. Nc3 e6 6. Be3 a6 7. f3 Be7 8. Qd2 b5 9. 0-0-0 Qc7 10. g4 Bb7 11. h4 Nc6 12. Nxc6 Bxc6 13. Kb1 d5 14. g5 b4 15. Ne2 Nd7 16. Nd4 Bb7 17. Bg2 0-0 18. h5 a5 19. g6 h6 20. gxf7+ Rxf7 21. Nxe6 Qe5 22. exd5 a4 23. f4 Qd6 24. Be4 a3 25. b3 Bf6 26. Bd4 Bxd5 27. Bxd5 Qxd5 28. Nc7 Qxd4 29. Qxd4 Bxd4 30. Nxa8 Rxf4 31. Nc7 Nc5 32. Nd5 Rg4 33. Rhf1 Bb2 34. Rf4 Rxf4 35. Nxf4 Ne4 36. Ne2 Kf7 37. c4 bxc3 38. Kc2 Nf6 39. Nf4 Ng4 40. Re1 Kf6 41. b4 Ne5 42. b5 Nf3 43. Rd1 Ne5 44. Nd5+ Ke6 45. b6 Nc6 46. b7 Nb8 47. Nb4 Ke7 48. Rd4 Ke8 49. Rc4 Kd7 50. Rc8 Ba1 51. Rxb8 Kc7 52. Rg8 Kxb7 53. Rxg7+ 1-0

[Event "Bratislava MMX op"]
[Site "Bratislava"]
[Date "2010.08.29"]
[Round "3"]
[White "Janos, Martin"]
[Black "Hricak, Vasil"]
[Result "1-0"]
[WhiteElo "2259"]
[BlackElo "2084"]
[PlyCount "91"]
[EventDate "2010.08.28"]
[EventType "swiss"]
[EventRounds "9"]
[EventCountry "SVK"]
[SourceTitle "EXT 2011"]
[Source "ChessBase"]
[SourceDate "2010.11.26"]
[SourceVersion "1"]
[SourceVersionDate "2010.11.26"]
[SourceQuality "1"]

1. Nf3 d5 2. g3 Nf6 3. Bg2 Bf5 4. 0-0 Nc6 5. d4 Qd7 6. Ne5 Nxe5 7. dxe5 Ne4 8. Be3 h6 9. c3 c6 10. Na3 Ng5 11. Qb3 Bh3 12. f3 Bxg2 13. Kxg2 e6 14. c4 f5 15. cxd5 cxd5 16. Rac1 Bxa3 17. Qxa3 Nf7 18. Bb6 Rc8 19. Rxc8+ Qxc8 20. Bxa7 Nxe5 21. Bd4 Nc4 22. Qc3 Rg8 23. b3 Nd6 24. Qb4 Qc6 25. Be3 Qa6 26. Bc5 Nc8 27. Re1 Kf7 28. e4 Qxa2+ 29. Bf2 dxe4 30. fxe4 b6 31. exf5 Re8 32. fxe6+ Rxe6 33. Rxe6 Kxe6 34. Qg4+ Kf7 35. Qf5+ Ke7 36. Qxc8 Qxb3 37. Qb7+ Kf8 38. Bxb6 Qb2+ 39. Kh3 Kg8 40. Qa8+ Kh7 41. Qe4+ Kg8 42. Bd4 Qb5 43. Qe6+ Kf8 44. Qc8+ Kf7 45. Qc7+ Ke6 46. Qb6+ 1-0